[Event "Vimercate op 5th"]
[Site "Vimercate"]
[Date "2011.11.27"]
[Round "5"]
[White "Orsucci, Marzio"]
[Black "Gianini, Gianluca"]
[Result "1-0"]
[WhiteElo "1666"]
[BlackElo "1484"]
[PlyCount "78"]
[EventDate "2011.11.25"]
[EventType "swiss"]
[EventRounds "5"]
[EventCountry "ITA"]
[SourceTitle "EXT 2014"]
[Source "ChessBase"]
[SourceDate "2013.11.20"]
[SourceVersion "1"]
[SourceVersionDate "2013.11.20"]
[SourceQuality "1"]

1. e4 c5 2. Nf3 d6 3. d4 b6 4. Be2 Nf6 5. Nc3 e6 6. 0-0 Be7 7. e5 dxe5 8. dxe5 Qxd1 9. Rxd1 Nfd7 10. Nb5 Na6 11. Nd6+ Bxd6 12. exd6 0-0 13. Bf4 h6 14. Ne5 Nxe5 15. Bxe5 Rd8 16. d7 Bb7 17. Bxa6 Bxa6 18. Bc7 Bb5 19. Bxd8 Rxd8 20. Rd6 Kf8 21. Rad1 Ke7 22. b3 Be2 23. R1d2 f5 24. f3 g6 25. c4 b5 26. Kf2 bxc4 27. Kxe2 c3 28. R2d3 e5 29. Rxg6 c2 30. Kd2 e4 31. fxe4 fxe4 32. Rd5 e3+ 33. Kxc2 h5 34. Rdd6 Kf7 35. Rge6 Rxd7 36. Rxd7+ Kxe6 37. Rxa7 Kf5 38. Kd3 c4+ 39. bxc4 Kf4 1-0

[Event "Vimercate op 5th"]
[Site "Vimercate"]
[Date "2011.11.26"]
[Round "3"]
[White "Fornari, Sergio"]
[Black "Gianini, Gianluca"]
[Result "0-1"]
[WhiteElo "1661"]
[BlackElo "1484"]
[PlyCount "130"]
[EventDate "2011.11.25"]
[EventType "swiss"]
[EventRounds "5"]
[EventCountry "ITA"]
[SourceTitle "EXT 2014"]
[Source "ChessBase"]
[SourceDate "2013.11.20"]
[SourceVersion "1"]
[SourceVersionDate "2013.11.20"]
[SourceQuality "1"]

1. d4 d5 2. Nf3 Nf6 3. Nbd2 e6 4. e3 Be7 5. Bd3 Bd7 6. 0-0 Nc6 7. c3 h6 8. Re1 Nh7 9. b4 a6 10. a3 Ng5 11. Bb2 Nxf3+ 12. Qxf3 0-0 13. e4 Bg5 14. Bc1 Qf6 15. Qxf6 Bxf6 16. e5 Be7 17. Nf1 f6 18. f4 fxe5 19. fxe5 Bh4 20. g3 Be7 21. Bd2 Na7 22. c4 c6 23. h4 b5 24. c5 Nc8 25. Ne3 Rf3 26. Kg2 Rf8 27. Rf1 Rxf1 28. Rxf1 Bf8 29. Kh2 Ne7 30. g4 g6 31. Ng2 Bg7 32. Kg1 Rf8 33. Rxf8+ Kxf8 34. Nf4 Kf7 35. Ne2 Kf8 36. Nc3 Kf7 37. a4 Kf8 38. Kg2 Kf7 39. a5 Kf8 40. Ne2 Kf7 41. Nf4 Bf8 42. Kg3 Bg7 43. Nh3 Bf8 44. h5 g5 45. Bxg5 hxg5 46. Nxg5+ Kg7 47. Nh3 Be8 48. Nf4 Bf7 49. Kh4 Kh8 50. Kg5 Ng8 51. Bg6 Bh6+ 52. Kh4 Bxf4 53. Bxf7 Ne7 54. Bxe6 Be3 55. Kg3 Bxd4 56. Kf4 Bc3 57. g5 d4 58. Ke4 Bxb4 59. h6 Bxc5 60. Bf5 Nxf5 61. Kxf5 Bf8 62. Kf6 Kg8 63. e6 d3 64. e7 Bxe7+ 65. Kxe7 d2 0-1